000 00779nam a2200277 i 4500
001 C2-0335614
003 PPAK
005 20180728134950.0
008 160216s2008 my a|||| ||||| | may d
020 _a9789833670970
040 _aPPAK
_beng
_cPPAK
_erda
082 0 4 _a499.2386
_223
090 0 0 _a499.2386
_bAZL
_dK
100 0 _aAzlin Ayob,
_eauthor
245 1 0 _aLari daripada rumah
264 1 _aSeri Kembangan, Selangor :
_bPenerbitan Zharfan ,
_c2008
300 _a92 pages :
_billustrations ;
_c21 cm
336 _2rdacontent
_atext
337 _2rdamedia
_aunmediated
338 _2rdacarrier
_avolume
490 1 _aSiri akhlak mulia
500 _aIncludes questions
650 1 0 _aMalay language - Readers.
830 0 _aSiri akhlak mulia
942 _ddc
_cB
999 _c133745
_d133745